[Event "World Youth U-16 Olympiad 2018"]
[Site "Konya"]
[Date "2018.11.30"]
[Round "7"]
[White "Celik, Eylul"]
[Black "Martins, Bruno Andre Leite"]
[Result "1-0"]
[WhiteElo "1950"]
[BlackElo "2205"]
[Annotator "RC"]
[PlyCount "66"]
[EventDate "2018.11.25"]
[EventType "team-tourn"]
[EventCountry "TUR"]
[SourceTitle "playchess.com"]
[Source "ChessBase"]
[SourceQuality "1"]
[WhiteTeam "Turkey"]
[BlackTeam "Portugal"]
[WhiteTeamCountry "TUR"]
[BlackTeamCountry "POR"]

1. d4 Nf6 2. c4 e6 3. Bg5 h6 4. Bxf6 Qxf6 5. e3 b6 6. Nf3 Bb7 7. Be2 d6 8. Nc3 Nd7 9. Qc2 g5 10. d5 a6 11. Nd4 Bg7 12. Bh5 O-O 13. O-O Ne5 14. Qe2 c5 15. Nf3 exd5 16. Nxd5 Bxd5 17. cxd5 b5 18. Nxe5 Qxe5 19. a4 Rab8 20. axb5 axb5 21. Ra5 c4 22. Ra2 Qxd5 23. Rd1 Qc5 24. Bf3 Qb4 25. Qc2 Be5 26. Bd5 Kg7 27. h4 gxh4 28. Qf5 Qb3 29. Qg4+ Kh8 30. Qh5 Bg7 31. Be4 f5 32. Rxd6 fxe4 33. Ra7 Rf6 1-0

[Event "World Youth U-16 Olympiad 2018"]
[Site "Konya"]
[Date "2018.11.30"]
[Round "7"]
[White "Verbin, Valentina"]
[Black "Gharibyan, Mamikon"]
[Result "0-1"]
[WhiteElo "1936"]
[BlackElo "2314"]
[Annotator "RC"]
[PlyCount "84"]
[EventDate "2018.11.25"]
[EventType "team-tourn"]
[EventCountry "TUR"]
[SourceTitle "playchess.com"]
[Source "ChessBase"]
[SourceQuality "1"]
[WhiteTeam "Moldova"]
[BlackTeam "Armenia"]
[WhiteTeamCountry "MDA"]
[BlackTeamCountry "ARM"]

1. e4 e5 2. Nf3 Nc6 3. Bb5 a6 4. Ba4 Nf6 5. d3 Bc5 6. Bxc6 dxc6 7. Qe2 Nd7 8. Nbd2 O-O 9. Nc4 Re8 10. Bd2 f6 11. h3 Nf8 12. O-O-O Ne6 13. g4 Qe7 14. Rdg1 b5 15. Ne3 Nf4 16. Qf1 Be6 17. Nf5 Qf7 18. N3h4 Bxf5 19. Nxf5 Qxa2 20. Bxf4 exf4 21. g5 Qa1+ 22. Kd2 Qxb2 23. gxf6 g6 24. Nh6+ Kf8 25. Qb1 Qxf6 26. Qb3 Kg7 27. Ng4 Qd4 28. c3 Qd7 29. e5 Rad8 30. d4 Be7 31. h4 b4 32. h5 bxc3+ 33. Kc1 Rb8 34. hxg6 Rxb3 35. Rxh7+ Kxg6 36. Nf6+ Kf5 37. Nxd7 Rb2 38. Rh5+ Ke4 39. Nf6+ Bxf6 40. exf6 Reb8 41. Rg7 Kd3 42. Rh3+ Kc4 0-1

[Event "World Youth U-16 Olympiad 2018"]
[Site "Konya"]
[Date "2018.11.30"]
[Round "7"]
[White "Anacoglu, Cisel"]
[Black "Pipiras, Filipa Fortuna"]
[Result "1-0"]
[WhiteElo "1866"]
[BlackElo "1860"]
[Annotator "NA RC"]
[PlyCount "125"]
[EventDate "2018.11.25"]
[EventType "team-tourn"]
[EventCountry "TUR"]
[SourceTitle "playchess.com"]
[Source "ChessBase"]
[SourceQuality "1"]
[WhiteTeam "Turkey"]
[BlackTeam "Portugal"]
[WhiteTeamCountry "TUR"]
[BlackTeamCountry "POR"]

1. e4 e5 2. Nf3 Nc6 3. Bb5 a6 4. Ba4 Nf6 5. O-O Be7 6. Re1 b5 7. Bb3 d6 8. c3 O-O 9. h3 Na5 10. Bc2 c5 11. d4 exd4 12. cxd4 Re8 13. Nc3 Bf8 14. Bg5 h6 15. Bh4 Be7 16. e5 dxe5 17. dxe5 Nd7 18. Bxe7 Qxe7 19. e6 fxe6 20. Nd5 Qd8 21. Bg6 Rf8 22. Rxe6 Kh8 23. Ne7 Nf6 24. Qxd8 Rxd8 25. Re2 Ra7 26. Nh4 Bd7 27. Rd1 Raa8 28. Red2 Nc4 29. Rc2 Ne5 30. Rxc5 Nxg6 31. Nhxg6+ Kh7 32. Re1 Be8 33. Nf8+ Kh8 34. Ne6 Rd2 35. Nc7 Rad8 36. Rce5 Bf7 37. Nxa6 Rxb2 38. R1e2 Rb1+ 39. Kh2 Ra8 40. Nc7 Rxa2 41. Rxa2 Bxa2 42. Rxb5 Rf1 43. Rb2 Bc4 44. Ng6+ Kh7 45. Ne5 Bg8 46. Ng4 Nxg4+ 47. hxg4 Bf7 48. Re2 Bc4 49. Re4 Bd3 50. Re3 Bc4 51. Kg3 Rg1 52. Kf3 Bf1 53. g3 Bg2+ 54. Kf4 Bc6 55. g5 Rf1 56. g6+ Kxg6 57. Re6+ Kh5 58. Rxc6 Rxf2+ 59. Ke3 Rf7 60. Rc4 g5 61. Nd5 Rf8 62. Ke2 Rf5 63. g4+ 1-0

[Event "World Youth U-16 Olympiad 2018"]
[Site "Konya"]
[Date "2018.11.30"]
[Round "7"]
[White "Prasitsoonthorn, Teerachoti"]
[Black "Semjonovs, Ilja"]
[Result "0-1"]
[WhiteElo "1849"]
[BlackElo "2245"]
[Annotator "TA"]
[PlyCount "88"]
[EventDate "2018.11.25"]
[EventType "team-tourn"]
[EventCountry "TUR"]
[SourceTitle "playchess.com"]
[Source "ChessBase"]
[SourceQuality "1"]
[WhiteTeam "Thailand"]
[BlackTeam "Latvia"]
[WhiteTeamCountry "THA"]
[BlackTeamCountry "LAT"]

1. c4 e5 2. g3 Nf6 3. Bg2 d5 4. cxd5 Nxd5 5. Nc3 Nb6 6. Nf3 Nc6 7. d3 Be7 8. a3 Be6 9. Be3 O-O 10. d4 exd4 11. Nxd4 Nxd4 12. Bxd4 c6 13. O-O Nc4 14. Ne4 b6 15. Bc3 Qxd1 16. Rfxd1 Rad8 17. Kf1 Bd5 18. Nd2 Nxd2+ 19. Rxd2 Bxg2+ 20. Kxg2 Rxd2 21. Bxd2 Bf6 22. Bc3 Bxc3 23. bxc3 Rd8 24. Ra2 Rd5 25. Kf3 Rc5 26. Rc2 Ra5 27. Ra2 Kf8 28. Ke3 Ke7 29. Kd3 g5 30. h3 h5 31. c4 Rf5 32. f3 Ra5 33. Kc3 Ke6 34. e3 f6 35. Kb4 g4 36. Rf2 gxf3 37. Rxf3 Rf5 38. Rxf5 Kxf5 39. c5 Ke4 40. h4 Kf3 41. cxb6 axb6 42. a4 Kxg3 43. a5 bxa5+ 44. Kxa5 Kxh4 0-1

[Event "World Youth U-16 Olympiad 2018"]
[Site "Konya"]
[Date "2018.11.30"]
[Round "7"]
[White "Moran, Darragh"]
[Black "Kayan, Yasar Efe"]
[Result "0-1"]
[WhiteElo "1800"]
[BlackElo "1515"]
[Annotator "NA RC"]
[PlyCount "64"]
[EventDate "2018.11.25"]
[EventType "team-tourn"]
[EventCountry "TUR"]
[SourceTitle "playchess.com"]
[Source "ChessBase"]
[SourceQuality "1"]
[WhiteTeam "Ireland"]
[BlackTeam "Turkey"]
[WhiteTeamCountry "IRL"]
[BlackTeamCountry "TUR"]

1. d4 e6 2. e4 d5 3. e5 c5 4. c3 Nc6 5. Nf3 Nge7 6. Bd3 c4 7. Bc2 Nf5 8. b3 b5 9. a4 b4 10. bxc4 dxc4 11. d5 Qxd5 12. Bxf5 Qxd1+ 13. Kxd1 exf5 14. cxb4 Bxb4 15. Bd2 Be6 16. Bxb4 Nxb4 17. Na3 c3 18. Nb5 Bb3+ 19. Ke2 Bc4+ 20. Kd1 Bb3+ 21. Ke2 Bc4+ 22. Kd1 Bxb5 23. axb5 O-O-O+ 24. Ke2 Kb7 25. Ra4 Nd5 26. Rha1 Ra8 27. Rd4 Rhd8 28. Rad1 Rac8 29. Ne1 c2 30. Rc1 Nc3+ 31. Kd3 Rxd4+ 32. Kxd4 Ne2+ 0-1

[Event "World Youth U-16 Olympiad 2018"]
[Site "Konya"]
[Date "2018.11.30"]
[Round "7"]
[White "Zane, Rayane"]
[Black "Djerroud, Chahrazed"]
[Result "1-0"]
[WhiteElo "1793"]
[BlackElo "1389"]
[Annotator "NA RC"]
[PlyCount "69"]
[EventDate "2018.11.25"]
[EventType "team-tourn"]
[EventCountry "TUR"]
[SourceTitle "playchess.com"]
[Source "ChessBase"]
[SourceQuality "1"]
[WhiteTeam "Algeria"]
[BlackTeam "Algeria"]
[WhiteTeamCountry "ALG"]
[BlackTeamCountry "ALG"]

1. e4 e5 2. Nf3 Nc6 3. Bb5 a6 4. Ba4 Nf6 5. d3 b5 6. Bb3 Be7 7. O-O O-O 8. Re1 d6 9. c3 Re8 10. h3 Bf8 11. Bg5 h6 12. Bh4 Be6 13. Bc2 d5 14. Nbd2 g6 15. d4 g5 16. dxe5 dxe4 17. Nxe4 Nd5 18. Bg3 Bg7 19. Nc5 Qe7 20. Nxe6 Qxe6 21. Nd4 Nxd4 22. cxd4 Rad8 23. Qd3 Qb6 24. Rad1 Nb4 25. Qh7+ Kf8 26. Bb3 a5 27. Qf5 Re7 28. a3 a4 29. axb4 axb3 30. d5 Red7 31. e6 Re7 32. Be5 Kg8 33. Bf6 fxe6 34. Qg6 Red7 35. dxe6 1-0

[Event "World Youth U-16 Olympiad 2018"]
[Site "Konya"]
[Date "2018.11.30"]
[Round "7"]
[White "Aydin, Gulenay"]
[Black "Koubova, Anna Marie"]
[Result "1/2-1/2"]
[WhiteElo "1791"]
[BlackElo "2022"]
[Annotator "NA RC"]
[PlyCount "75"]
[EventDate "2018.11.25"]
[EventType "team-tourn"]
[EventCountry "TUR"]
[SourceTitle "playchess.com"]
[Source "ChessBase"]
[SourceQuality "1"]
[WhiteTeam "Turkey"]
[BlackTeam "Czech Republic"]
[WhiteTeamCountry "TUR"]
[BlackTeamCountry "CZE"]

1. e4 c5 2. Nf3 e6 3. c3 Nf6 4. e5 Nd5 5. d4 cxd4 6. cxd4 b6 7. Bd3 Ba6 8. Bxa6 Nxa6 9. a3 Be7 10. O-O O-O 11. Nbd2 d6 12. Qe2 Qc8 13. Ne4 dxe5 14. dxe5 Nc5 15. Bg5 Bxg5 16. Nfxg5 h6 17. Nd6 Qa6 18. Qxa6 Nxa6 19. Nge4 f6 20. f4 fxe5 21. fxe5 Ne3 22. Rxf8+ Rxf8 23. h3 Nb8 24. Nc3 Nc6 25. Re1 Nf5 26. Ncb5 Nfd4 27. Nxd4 Nxd4 28. b4 Nc2 29. Rc1 Nxa3 30. Rc7 Ra8 31. b5 a5 32. bxa6 Rxa6 33. Re7 b5 34. Rxe6 b4 35. Re8+ Kh7 36. Rb8 Ra5 37. Rxb4 Rxe5 38. Ne4 1/2-1/2

[Event "World Youth U-16 Olympiad 2018"]
[Site "Konya"]
[Date "2018.11.30"]
[Round "7"]
[White "Orozbaev, Eldiar"]
[Black "Gombocz, Ferenc Jr."]
[Result "1-0"]
[WhiteElo "1785"]
[BlackElo "2290"]
[Annotator "RC"]
[PlyCount "115"]
[EventDate "2018.11.25"]
[EventType "team-tourn"]
[EventCountry "TUR"]
[SourceTitle "playchess.com"]
[Source "ChessBase"]
[SourceQuality "1"]
[WhiteTeam "Kyrgyzstan"]
[BlackTeam "Hungary"]
[WhiteTeamCountry "KGZ"]
[BlackTeamCountry "HUN"]

1. e4 e5 2. Nf3 Nc6 3. Bc4 d6 4. c3 g6 5. O-O Bg7 6. Re1 Nf6 7. d4 Qe7 8. dxe5 Nxe5 9. Nxe5 Qxe5 10. h3 O-O 11. Nd2 Bd7 12. Nf3 Qc5 13. Bb3 Rae8 14. Be3 Qh5 15. e5 dxe5 16. Bc5 e4 17. Bxf8 Bxf8 18. Nd2 Qh4 19. Nf1 Rd8 20. Qe2 Bd6 21. Rad1 Re8 22. Qe3 b6 23. a4 Nh5 24. Qh6 Re7 25. Ne3 Be6 26. Bxe6 Rxe6 27. Rd5 c6 28. Rxd6 Rxd6 29. Nf5 gxf5 30. Qxd6 Qg5 31. Qb8+ Kg7 32. Qe5+ Kg8 33. Rxe4 h6 34. Rd4 c5 35. Rd7 Nf6 36. Rd8+ Kh7 37. g3 Kg7 38. Rd6 h5 39. h4 Qg6 40. a5 bxa5 41. Qxc5 f4 42. Qg5 Qxg5 43. hxg5 Ne4 44. Rd4 Nxg5 45. Rd5 Kg6 46. Rxa5 fxg3 47. fxg3 Ne4 48. Kg2 f5 49. Rxa7 Kf6 50. Kf3 Ng5+ 51. Ke3 Ne4 52. Kf4 Nc5 53. b4 Ne6+ 54. Ke3 Ng5 55. b5 Ne4 56. b6 Nc5 57. b7 Nd7 58. Ra8 1-0

[Event "World Youth U-16 Olympiad 2018"]
[Site "Konya"]
[Date "2018.11.30"]
[Round "7"]
[White "Maycock Bates, David Henry"]
[Black "Malicka, Maria"]
[Result "0-1"]
[WhiteElo "1773"]
[BlackElo "2013"]
[Annotator "NA RC"]
[PlyCount "92"]
[EventDate "2018.11.25"]
[EventType "team-tourn"]
[EventCountry "TUR"]
[SourceTitle "playchess.com"]
[Source "ChessBase"]
[SourceQuality "1"]
[WhiteTeam "Mexico"]
[BlackTeam "Poland"]
[WhiteTeamCountry "MEX"]
[BlackTeamCountry "POL"]

1. e4 e5 2. Nf3 Nc6 3. Bb5 g6 4. Nc3 Bg7 5. d3 Nge7 6. Bg5 h6 7. Be3 O-O 8. Bc4 Na5 9. Qe2 c6 10. d4 Nxc4 11. Qxc4 d5 12. exd5 cxd5 13. Qb3 e4 14. Ng1 f5 15. Nge2 Be6 16. O-O-O g5 17. h4 f4 18. hxg5 hxg5 19. Nxe4 fxe3 20. Nxg5 Bf5 21. g4 Bxg4 22. Qxe3 Qd7 23. f3 Bf5 24. Nf4 Qa4 25. Rh2 Rac8 26. Rd3 Qxa2 27. Ra3 Qc4 28. Rc3 Qxd4 29. Nge6 Rxc3 30. Qxd4 Bxd4 31. Rg2+ Kf7 32. bxc3 Be3+ 33. Kb2 Bxe6 34. Rg7+ Kxg7 35. Nxe6+ Kf7 36. Nxf8 Kxf8 37. Kb3 Kf7 38. c4 Ke6 39. cxd5+ Kxd5 40. Kc3 a5 41. Kd3 a4 42. Kc3 Kc5 43. Kb2 Kc4 44. Ka3 b5 45. Kb2 b4 46. f4 Bxf4 0-1

[Event "World Youth U-16 Olympiad 2018"]
[Site "Konya"]
[Date "2018.11.30"]
[Round "7"]
[White "Chua, Jia-Tien"]
[Black "Kuhar, Larisa"]
[Result "1-0"]
[WhiteElo "1741"]
[BlackElo "1916"]
[Annotator "NA RC"]
[PlyCount "71"]
[EventDate "2018.11.25"]
[EventType "team-tourn"]
[EventCountry "TUR"]
[SourceTitle "playchess.com"]
[Source "ChessBase"]
[SourceQuality "1"]
[WhiteTeam "Malaysia"]
[BlackTeam "Slovenia"]
[WhiteTeamCountry "MAS"]
[BlackTeamCountry "SLO"]

1. e4 c5 2. Nc3 d6 3. g3 Nc6 4. Bg2 g6 5. Nge2 Bg7 6. d3 e6 7. Be3 Nge7 8. O-O Nd4 9. Qd2 O-O 10. Nc1 Rb8 11. Nd1 e5 12. c3 Ne6 13. Ne2 f5 14. f4 b6 15. Nf2 Bb7 16. Rad1 d5 17. fxe5 Bxe5 18. d4 cxd4 19. cxd4 Bg7 20. e5 Ba6 21. Nd3 Qd7 22. Rc1 Rbc8 23. Rfd1 Rfd8 24. Nc3 Bc4 25. b3 Ba6 26. a4 Bb7 27. Nb5 Rxc1 28. Rxc1 Nc8 29. Nf4 Nxf4 30. Rc7 Qe6 31. Bxf4 Rd7 32. Qc3 Rxc7 33. Qxc7 Qc6 34. Qd8+ Kf7 35. Nc7 Ne7 36. e6+ 1-0

[Event "World Youth U-16 Olympiad 2018"]
[Site "Konya"]
[Date "2018.11.30"]
[Round "7"]
[White "Golsta, Ramona"]
[Black "Burbach, Anya Belle"]
[Result "1-0"]
[WhiteElo "1681"]
[BlackElo "1111"]
[Annotator "NA RC"]
[PlyCount "95"]
[EventDate "2018.11.25"]
[EventType "team-tourn"]
[EventCountry "TUR"]
[SourceTitle "playchess.com"]
[Source "ChessBase"]
[SourceQuality "1"]
[WhiteTeam "Latvia"]
[BlackTeam "Thailand"]
[WhiteTeamCountry "LAT"]
[BlackTeamCountry "THA"]

1. d4 Nf6 2. Nf3 e6 3. Bg5 Be7 4. Nbd2 d5 5. e3 O-O 6. c4 c5 7. Bd3 Nbd7 8. O-O b6 9. Rc1 Bb7 10. Qc2 h6 11. Bh4 Rc8 12. b3 Kh8 13. Ne5 Nxe5 14. dxe5 Nd7 15. Bg3 Bh4 16. Bxh4 Qxh4 17. f4 Qe7 18. Qb2 Rg8 19. Bb1 f6 20. Qc2 f5 21. Nf3 Nf8 22. Qf2 Nh7 23. Bd3 g5 24. g3 Qf7 25. Be2 d4 26. exd4 gxf4 27. Rc3 fxg3 28. hxg3 f4 29. Qh2 Rxg3+ 30. Kf2 Rcg8 31. Ke1 Qf5 32. Bd3 Be4 33. Nh4 Re3+ 34. Be2 Qg5 35. Rxe3 fxe3 36. dxc5 bxc5 37. Nf3 Bxf3 38. Bxf3 Rd8 39. Be4 Rd2 40. Qf4 Qh5 41. Bf3 Qe8 42. Qxe3 Rxa2 43. Qxh6 Ra1+ 44. Kf2 Ra2+ 45. Ke3 Ra3 46. Be4 Rxb3+ 47. Bd3 Qd8 48. Qxh7# 1-0

[Event "World Youth U-16 Olympiad 2018"]
[Site "Konya"]
[Date "2018.11.30"]
[Round "7"]
[White "Asavasaetakul, Chawit"]
[Black "Golsta, Madara"]
[Result "1/2-1/2"]
[WhiteElo "1656"]
[BlackElo "1938"]
[Annotator "NA RC"]
[PlyCount "106"]
[EventDate "2018.11.25"]
[EventType "team-tourn"]
[EventCountry "TUR"]
[SourceTitle "playchess.com"]
[Source "ChessBase"]
[SourceQuality "1"]
[WhiteTeam "Thailand"]
[BlackTeam "Latvia"]
[WhiteTeamCountry "THA"]
[BlackTeamCountry "LAT"]

1. e4 c5 2. c3 Nf6 3. e5 Nd5 4. d4 cxd4 5. cxd4 d6 6. Bc4 Nb6 7. Bb5+ Nc6 8. Nf3 dxe5 9. Nxe5 Bd7 10. Bxc6 Bxc6 11. Nxc6 bxc6 12. O-O g6 13. Re1 Bg7 14. Bg5 Nc8 15. Qf3 Qd7 16. Bf6 O-O 17. Bxg7 Kxg7 18. Qc3 Kg8 19. Nd2 Nd6 20. Nf3 Nf5 21. Rad1 Qd5 22. b3 Rfd8 23. Re5 Qd6 24. Rc5 Rac8 25. h3 e6 26. Rc1 Nxd4 27. Nxd4 Qxd4 28. Qxd4 Rxd4 29. Rxc6 Rxc6 30. Rxc6 Rd1+ 31. Kh2 Rd2 32. Ra6 Rxf2 33. Rxa7 Rb2 34. Kg3 Kg7 35. Ra4 e5 36. b4 h5 37. Ra5 Kf6 38. b5 h4+ 39. Kf3 Kf5 40. a4 Rb3+ 41. Ke2 Ke4 42. Ra6 Rb2+ 43. Kd1 Kd4 44. Rd6+ Kc5 45. Rc6+ Kd5 46. Ra6 e4 47. b6 Kc6 48. a5 f5 49. Ra7 Rb5 50. Rc7+ Kd6 51. Ra7 Kc6 52. Rc7+ Kd6 53. Ra7 Kc6 1/2-1/2

[Event "World Youth U-16 Olympiad 2018"]
[Site "Konya"]
[Date "2018.11.30"]
[Round "7"]
[White "Botez, Andrea"]
[Black "Johannsson, Birkir Isak"]
[Result "1-0"]
[WhiteElo "1647"]
[BlackElo "1949"]
[Annotator "NA RC"]
[PlyCount "85"]
[EventDate "2018.11.25"]
[EventType "team-tourn"]
[EventCountry "TUR"]
[SourceTitle "playchess.com"]
[Source "ChessBase"]
[SourceQuality "1"]
[WhiteTeam "Canada"]
[BlackTeam "Iceland"]
[WhiteTeamCountry "CAN"]
[BlackTeamCountry "ISL"]

1. d4 d5 2. Bf4 c5 3. e3 Nc6 4. c3 Nf6 5. Nf3 Qb6 6. Qb3 c4 7. Qxb6 axb6 8. Na3 Bf5 9. Nb5 Ra5 10. a4 e6 11. Be2 Be7 12. O-O O-O 13. Rfc1 Ne4 14. h3 Na7 15. Nxa7 Rxa7 16. Bc7 Rfa8 17. Bd1 b5 18. a5 Bd8 19. Bxd8 Rxd8 20. Ra3 Rda8 21. Rca1 Ra6 22. g4 Bg6 23. Ne5 Rd8 24. f3 Nd6 25. Nxg6 hxg6 26. Bc2 Rda8 27. e4 g5 28. Kf2 Kf8 29. Kg3 g6 30. e5 Nc8 31. f4 gxf4+ 32. Kxf4 Ne7 33. Kg5 Kg7 34. h4 Rh8 35. Rf1 Rh6 36. Rxf7+ Kxf7 37. Kxh6 Ra8 38. Ra1 Rh8+ 39. Kg5 Kg7 40. a6 bxa6 41. Rxa6 Kf7 42. Ra7 Rg8 43. Rb7 1-0

[Event "World Youth U-16 Olympiad 2018"]
[Site "Konya"]
[Date "2018.11.30"]
[Round "7"]
[White "Haile, Batel Goitom"]
[Black "Cui, Leonardo"]
[Result "1-0"]
[WhiteElo "1622"]
[BlackElo "1569"]
[Annotator "NA RC"]
[PlyCount "77"]
[EventDate "2018.11.25"]
[EventType "team-tourn"]
[EventCountry "TUR"]
[SourceTitle "playchess.com"]
[Source "ChessBase"]
[SourceQuality "1"]
[WhiteTeam "Iceland"]
[BlackTeam "Canada"]
[WhiteTeamCountry "ISL"]
[BlackTeamCountry "CAN"]

1. d4 d6 2. c4 Nf6 3. Nc3 Nbd7 4. e4 e5 5. Nf3 Be7 6. Be2 O-O 7. O-O c6 8. b3 Re8 9. h3 Bf8 10. Qc2 g6 11. Bb2 Bg7 12. Rad1 Qc7 13. Rfe1 b6 14. b4 a6 15. a4 Bb7 16. g4 exd4 17. Nxd4 c5 18. bxc5 dxc5 19. Nd5 Nxd5 20. cxd5 Qe5 21. Nb5 Qxb2 22. Qxb2 Bxb2 23. Nc7 Rxe4 24. Nxa8 Bxa8 25. Bxa6 Rxe1+ 26. Rxe1 Ne5 27. Rb1 Bd4 28. Rxb6 Bxd5 29. Bb5 c4 30. Rd6 c3 31. Rxd5 c2 32. Rd8+ Kg7 33. Rc8 Nf3+ 34. Kf1 Nd2+ 35. Ke2 Bc3 36. Rxc3 Nb3 37. Rxc2 Nd4+ 38. Kd2 Nxc2 39. Kxc2 1-0

[Event "World Youth U-16 Olympiad 2018"]
[Site "Konya"]
[Date "2018.11.30"]
[Round "7"]
[White "Aubakirov, Shyngys"]
[Black "Kistrup, Nicolai"]
[Result "0-1"]
[WhiteElo "1546"]
[BlackElo "2092"]
[Annotator "NA RC"]
[PlyCount "62"]
[EventDate "2018.11.25"]
[EventType "team-tourn"]
[EventCountry "TUR"]
[SourceTitle "playchess.com"]
[Source "ChessBase"]
[SourceQuality "1"]
[WhiteTeam "Kazakhstan"]
[BlackTeam "Denmark"]
[WhiteTeamCountry "KAZ"]
[BlackTeamCountry "DEN"]

1. e4 c5 2. Nc3 Nc6 3. f4 g6 4. Bc4 Bg7 5. Nf3 e6 6. f5 gxf5 7. d3 Nge7 8. O-O O-O 9. Qe1 fxe4 10. dxe4 f5 11. e5 Ng6 12. Qg3 Ncxe5 13. Nxe5 Bxe5 14. Qe1 d5 15. Be2 Qc7 16. h3 Bd7 17. Bh6 Rf7 18. Bf3 Bc6 19. g4 d4 20. Ne2 Bxf3 21. Rxf3 fxg4 22. Rxf7 Qxf7 23. hxg4 Qf3 24. Qf2 Qxg4+ 25. Qg2 Qh5 26. Qxb7 Rb8 27. Qh1 Qxe2 28. Qc6 Qh2+ 29. Kf1 Qxh6 30. Qxe6+ Kh8 31. Re1 Qh2 0-1

[Event "World Youth U-16 Olympiad 2018"]
[Site "Konya"]
[Date "2018.11.30"]
[Round "7"]
[White "Moran, Hugh"]
[Black "Bugdayci, Yuksel"]
[Result "1/2-1/2"]
[WhiteElo "1498"]
[BlackElo "1299"]
[Annotator "NA RC"]
[PlyCount "76"]
[EventDate "2018.11.25"]
[EventType "team-tourn"]
[EventCountry "TUR"]
[SourceTitle "playchess.com"]
[Source "ChessBase"]
[SourceQuality "1"]
[WhiteTeam "Ireland"]
[BlackTeam "Turkey"]
[WhiteTeamCountry "IRL"]
[BlackTeamCountry "TUR"]

1. e4 c5 2. Nf3 Nc6 3. d4 cxd4 4. Nxd4 d6 5. Nc3 a6 6. Be3 Nf6 7. f3 Qc7 8. Qd2 e6 9. O-O-O Bd7 10. h4 h5 11. Kb1 O-O-O 12. Bc4 Be7 13. Nxc6 Bxc6 14. Bb3 d5 15. exd5 Nxd5 16. Bxd5 Bxd5 17. Qf2 Qc6 18. Bd4 Rhg8 19. Nxd5 Rxd5 20. Bc3 g6 21. Rxd5 Qxd5 22. Qd4 Qxd4 23. Bxd4 Rd8 24. c3 Kc7 25. Be5+ Bd6 26. Bxd6+ Rxd6 27. Kc2 Kc6 28. Rd1 Rxd1 29. Kxd1 Kd5 30. Kd2 e5 31. Kd3 b5 32. g4 f5 33. g5 Kc5 34. a3 Kc6 35. b3 Kc5 36. Ke3 Kd5 37. Kd3 Kc5 38. Ke3 Kd5 1/2-1/2

[Event "World Youth U-16 Olympiad 2018"]
[Site "Konya"]
[Date "2018.11.30"]
[Round "7"]
[White "Coicev, Matei-Andrei"]
[Black "Dhevcharran, Kahill"]
[Result "0-1"]
[WhiteElo "1489"]
[BlackElo "1561"]
[Annotator "NA RC"]
[PlyCount "138"]
[EventDate "2018.11.25"]
[EventType "team-tourn"]
[EventCountry "TUR"]
[SourceTitle "playchess.com"]
[Source "ChessBase"]
[SourceQuality "1"]
[WhiteTeam "Romania"]
[BlackTeam "South Africa"]
[WhiteTeamCountry "ROU"]
[BlackTeamCountry "RSA"]

1. e4 c5 2. Nf3 Nc6 3. c4 g6 4. d4 cxd4 5. Nxd4 Bg7 6. Be3 Nf6 7. Nc3 O-O 8. Be2 d6 9. O-O Bd7 10. f3 Nxd4 11. Bxd4 a5 12. Qd2 Bc6 13. Rab1 Nd7 14. Nd5 Bxd5 15. cxd5 Bxd4+ 16. Qxd4 Nc5 17. Rfc1 Qd7 18. b3 Rfc8 19. Rc2 Rc7 20. Rbc1 Rac8 21. Bd3 Qd8 22. Rc3 Nd7 23. Rxc7 Rxc7 24. Rxc7 Qxc7 25. Qc4 Qb6+ 26. Kf1 Ne5 27. Qb5 Qc7 28. Bc4 Kg7 29. Ke2 Nd7 30. f4 Nc5 31. Kf3 b6 32. a3 Nd7 33. g3 e5 34. dxe6 fxe6 35. Bxe6 Qc3+ 36. Kg2 Nf6 37. e5 dxe5 38. Qxe5 Qc6+ 39. Kh3 Qc1 40. Bc4 Qxa3 41. g4 Qc5 42. Qc3 Qc8 43. Qg3 h5 44. Be2 hxg4+ 45. Bxg4 Qxg4+ 46. Qxg4 Nxg4 47. Kxg4 Kf6 48. Kf3 Kf5 49. h4 b5 50. Ke3 a4 51. bxa4 bxa4 52. Kd4 Kxf4 53. Kc4 Kg4 54. Kb4 Kxh4 55. Kxa4 g5 56. Kb3 g4 57. Kc2 g3 58. Kd3 g2 59. Ke3 g1=Q+ 60. Kd2 Qg3 61. Kc2 Qe3 62. Kb2 Kg4 63. Kc2 Kf4 64. Kb2 Ke4 65. Ka2 Qc3 66. Kb1 Kd3 67. Ka2 Qb4 68. Ka1 Kc2 69. Ka2 Qb2# 0-1

[Event "World Youth U-16 Olympiad 2018"]
[Site "Konya"]
[Date "2018.11.30"]
[Round "7"]
[White "Boubendir, Nesrine"]
[Black "Cheikh-Boukal, Ziyad"]
[Result "0-1"]
[WhiteElo "1467"]
[BlackElo "1830"]
[Annotator "NA RC"]
[PlyCount "107"]
[EventDate "2018.11.25"]
[EventType "team-tourn"]
[EventCountry "TUR"]
[SourceTitle "playchess.com"]
[Source "ChessBase"]
[SourceQuality "1"]
[WhiteTeam "Algeria"]
[BlackTeam "Algeria"]
[WhiteTeamCountry "ALG"]
[BlackTeamCountry "ALG"]

1. e4 c5 2. Nf3 e6 3. d4 cxd4 4. Nxd4 Nf6 5. Nc3 Nc6 6. a3 Qc7 7. Be3 a6 8. Be2 Be7 9. O-O O-O 10. f4 d5 11. e5 Nd7 12. Kh1 b5 13. Bd3 Nxd4 14. Bxd4 g6 15. Qg4 Nc5 16. Rf3 Nxd3 17. cxd3 Rb8 18. Rh3 f5 19. Qg3 b4 20. axb4 Rxb4 21. Ne2 Rb8 22. Qe3 a5 23. Bc3 Bb4 24. Bxb4 Rxb4 25. Qd2 Qb6 26. d4 Rxb2 27. Qd3 Ba6 28. Qa3 Bxe2 29. Rc3 Rb8 30. h3 Rb1+ 31. Rxb1 Qxb1+ 32. Rc1 Qb4 33. Qa2 Bc4 34. Qf2 Qb2 35. Qxb2 Rxb2 36. Ra1 Rb5 37. Kg1 Bb3 38. Kf2 a4 39. Ke1 Ra5 40. Kd2 a3 41. Kc3 Bc4 42. g3 a2 43. Kb2 Rb5+ 44. Kc1 Rb1+ 45. Rxb1 h5 46. h4 Kf8 47. Kb2 Ke8 48. Kc3 Kd7 49. Kb4 Kc6 50. Ka5 Bb5 51. Kb4 Kb6 52. Ka3 Ka5 53. Kb3 Ba4+ 54. Kc3 0-1

[Event "World Youth U-16 Olympiad 2018"]
[Site "Konya"]
[Date "2018.11.30"]
[Round "7"]
[White "Karibaev, Dimash"]
[Black "Jacobsen, Shanne Hedegaard"]
[Result "1-0"]
[WhiteElo "1460"]
[BlackElo "1261"]
[Annotator "NA RC"]
[PlyCount "49"]
[EventDate "2018.11.25"]
[EventType "team-tourn"]
[EventCountry "TUR"]
[SourceTitle "playchess.com"]
[Source "ChessBase"]
[SourceQuality "1"]
[WhiteTeam "Kazakhstan"]
[BlackTeam "Denmark"]
[WhiteTeamCountry "KAZ"]
[BlackTeamCountry "DEN"]

1. c4 e5 2. Nc3 Nc6 3. d3 Bc5 4. e4 d6 5. Be2 Nge7 6. f4 f5 7. Nf3 O-O 8. Nd5 Be6 9. Ng5 Qd7 10. Nxc7 Qxc7 11. Nxe6 Qb6 12. Nxf8 Rxf8 13. Qb3 Qc7 14. Bd2 Nd4 15. Qd1 Qc6 16. Bf3 Nxf3+ 17. Qxf3 Qd7 18. Rf1 b5 19. fxe5 dxe5 20. exf5 Rxf5 21. Qa8+ Nc8 22. Rxf5 Qxf5 23. Qd5+ Kf8 24. Qxc5+ Kf7 25. Qf2 1-0